书目信息 |
| 题名: |
CFCs制冷剂的回收与再利用
|
|
| 作者: | 俞炳丰 , 彭伯彦 编 | |
| 分册: | ||
| 出版信息: | 北京 机械工业出版社 2007.05 |
|
| 页数: | 222页 | |
| 开本: | 24cm | |
| 丛书名: | 中国制冷空调工业协会专业技术丛书 | |
| 单 册: | ||
| 中图分类: | TB64 | |
| 科图分类: | ||
| 主题词: | 制冷剂--zhi leng ji--综合利用 , 制冷剂--zhi leng ji--回收 | |
| 电子资源: | ||
| ISBN: | 978-7-111-21247-8 | |
| 000 | 01123nam 2200289 450 | |
| 001 | 012007369166 | |
| 005 | 20071108195034.27 | |
| 010 | @a978-7-111-21247-8@dCNY25.00 | |
| 100 | @a20071108d2007 km y0chiy0120 ea | |
| 101 | 0 | @achi |
| 102 | @aCN@b110000 | |
| 105 | @aa a 000yy | |
| 106 | @ar | |
| 200 | 1 | @aCFCs制冷剂的回收与再利用@ACFCs zhi leng ji de hui shou yu zai li yong@f俞炳丰, 彭伯彦编@Fyu bing feng,peng bo yan bian |
| 210 | @a北京@c机械工业出版社@d2007.05 | |
| 215 | @a222页@c图@d24cm | |
| 225 | 2 | @a中国制冷空调工业协会专业技术丛书@Azhong guo zhi leng kong diao gong ye xie hui zhuan ye ji shu cong shu |
| 320 | @a有书目。 | |
| 330 | @a本书介绍了制冷剂及其对人类生态环境的影响,说明了减少制冷剂的释放、节省及保存制冷剂等相关法规及措施,阐述了目前制冷剂回收、再循环、再生及销毁的方法与技术。 | |
| 410 | 0 | @12001 @a中国制冷空调工业协会专业技术丛书 |
| 606 | 0 | @a制冷剂@Azhi leng ji@x综合利用 |
| 606 | 0 | @a制冷剂@Azhi leng ji@x回收 |
| 690 | @aTB64@v4 | |
| 701 | 0 | @a俞炳丰@Ayu bing feng@4编 |
| 701 | 0 | @a彭伯彦@Apeng bo yan@4编 |
| 801 | 0 | @aCN@b@c20071108 |
| 905 | @b264651-53@dTB64@eY785@f3 | |
| CFCs制冷剂的回收与再利用/俞炳丰, 彭伯彦编.-北京:机械工业出版社,2007.05 |
| 222页:图;24cm.-(中国制冷空调工业协会专业技术丛书) |
| ISBN 978-7-111-21247-8:CNY25.00 |
| 本书介绍了制冷剂及其对人类生态环境的影响,说明了减少制冷剂的释放、节省及保存制冷剂等相关法规及措施,阐述了目前制冷剂回收、再循环、再生及销毁的方法与技术。 |
| ● |
| 相关链接 |
|
|
|
正题名:CFCs制冷剂的回收与再利用
索取号:TB64/Y785
 
预约/预借
| 序号 | 登录号 | 条形码 | 馆藏地/架位号 | 状态 | 备注 |
| 1 | 264651 | 202646510 | 能源与建筑环境工程学院资料室/201建筑库 13排2列4层/ [索取号:TB64/Y785] | 在馆 | |
| 2 | 264652 | 202646529 | 能源与建筑环境工程学院资料室/201建筑库 13排2列4层/ [索取号:TB64/Y785] | 在馆 | |
| 3 | 264653 | 202646538 | 自科库501/ [索取号:TB64/Y785] | 在馆 |